Normal view
MARC view
Entry Personal Name
001 - CONTROL NUMBER
- control field: 6663
003 - CONTROL NUMBER IDENTIFIER
- control field: BD-RjUL
005 - DATE AND TIME OF LATEST TRANSACTION
- control field: 20230121161935.0
008 - FIXED-LENGTH DATA ELEMENTS
- fixed length control field: 230121|| aca||aabn | a|a d
040 ## - CATALOGING SOURCE
- Original cataloging agency: BD-RjUL
- Transcribing agency: BD-RjUL
100 ## - HEADING--PERSONAL NAME
- Personal name: الحوراني، جورج فضلو
670 ## - SOURCE DATA FOUND
- Source citation: Work cat.: (BD-RjUL)81109: ابن رشد، محمد بن احمد،Ibn Rushd, Muhammad bin Ahmed, 1126-1198. 6662, Front cover image for كتاب فصل المقال وتقرير ما بين الشريعة والحكمة من الاتصال كتاب فصل المقال وتقرير ما بين الشريعة والحكمة من الاتصال / Kitāb faṣl al-maqāl wa-taqrīr mā bayna al-sharīʻah wa-al-ḥikmah min al-ittiṣāl /, 1959.